000 00533 a2200169 4500
999 _c6932
_d6932
020 _a1421928760
050 _aB1603. MIL[199-?]
100 _aMill, John Stuart,
_d 1806-1873
_eauthor
245 _aUtilitarianism /
_cJohn Stuart Mill
264 _aRaleigh, N.C. :
_b Alex Catalogue,
_c [199-?]
300 _a1 online resource, 101 pages
500 _alncludes index
650 _aUtilitarianism.
650 _aPHILOSOPHY -- History & Surveys -- Modern.
700 _a Crisp, Roger,
_d1961-
_eeditor
942 _2lcc
_cBK
_h1603
_iMIL
_kB